[Event "Hamburg-chT Landesliga 1920"]
[Site "Hamburg"]
[Date "2019.09.29"]
[Round "1.4"]
[White "Lansky, Georg"]
[Black "Juergens, Bernhard"]
[Result "1/2-1/2"]
[WhiteElo "1965"]
[BlackElo "2135"]
[PlyCount "47"]
[EventDate "2019.09.29"]
[EventType "team-tourn"]
[EventRounds "9"]
[EventCountry "GER"]
[SourceTitle "EXT 2021"]
[Source "ChessBase"]
[SourceDate "2020.10.23"]
[SourceVersion "1"]
[SourceVersionDate "2020.10.23"]
[SourceQuality "1"]

1. e4 e6 2. d4 d5 3. Nc3 Bb4 4. e5 b6 5. a3 Bxc3+ 6. bxc3 Ne7 7. Qg4 Kf8 8. Nf3 Qd7 9. Bd3 Ba6 10. 0-0 Bxd3 11. cxd3 Qa4 12. Bg5 Nbc6 13. Bxe7+ Nxe7 14. Ng5 h6 15. Qh5 Qe8 16. Nf3 f5 17. Qh3 Kf7 18. c4 g5 19. Nd2 Rd8 20. Rfc1 dxc4 21. Rxc4 Rd7 22. g4 Qd8 23. gxf5 Nxf5 24. Ne4 1/2-1/2

[Event "Hamburg-chT Landesliga 1819"]
[Site "Hamburg"]
[Date "2019.04.13"]
[Round "8.5"]
[White "Juergens, Bernhard"]
[Black "Becker, Martin"]
[Result "1-0"]
[WhiteElo "2095"]
[BlackElo "1946"]
[PlyCount "51"]
[EventDate "2018.10.21"]
[EventType "team-tourn"]
[EventRounds "9"]
[EventCountry "GER"]
[SourceTitle "EXT 2020"]
[Source "ChessBase"]
[SourceDate "2019.10.17"]
[SourceVersion "1"]
[SourceVersionDate "2019.10.17"]
[SourceQuality "1"]
[WhiteTeam "Hamburger SK IV"]
[BlackTeam "Harburg Diagonale"]
[WhiteTeamCountry "GER"]
[BlackTeamCountry "GER"]

1. e4 e5 2. Bc4 Nf6 3. d3 Bc5 4. Nc3 0-0 5. f4 d6 6. f5 c6 7. Qf3 b5 8. Bb3 a5 9. a3 a4 10. Ba2 Nbd7 11. g4 d5 12. g5 dxe4 13. dxe4 Ne8 14. h4 Nd6 15. Nge2 Ba6 16. g6 Nf6 17. Bg5 b4 18. axb4 Bxe2 19. Nxe2 Bxb4+ 20. c3 Bc5 21. Rd1 Qb6 22. Bxf6 gxf6 23. Qh5 hxg6 24. Qxg6+ Kh8 25. Qh6+ Kg8 26. Rh2 1-0

[Event "Blankenese op 1st"]
[Site "Hamburg"]
[Date "2017.10.03"]
[Round "4.8"]
[White "Ertan, Can"]
[Black "Juergens, Bernhard"]
[Result "1-0"]
[WhiteElo "2377"]
[BlackElo "2080"]
[PlyCount "63"]
[EventDate "2017.09.30"]
[EventType "swiss"]
[EventRounds "7"]
[EventCountry "GER"]
[SourceTitle "EXT 2020"]
[Source "ChessBase"]
[SourceDate "2019.10.17"]
[SourceVersion "1"]
[SourceVersionDate "2019.10.17"]
[SourceQuality "1"]

1. e4 e6 2. d4 d5 3. Bd3 dxe4 4. Bxe4 Nf6 5. Bf3 c5 6. c3 Nc6 7. Ne2 e5 8. Bxc6+ bxc6 9. 0-0 exd4 10. cxd4 Be7 11. Nbc3 0-0 12. Bg5 Rb8 13. b3 h6 14. Bh4 Ba6 15. Re1 cxd4 16. Nxd4 Bb4 17. Rc1 Bxc3 18. Rxc3 Rb4 19. Nf5 Qxd1 20. Rxd1 Nd5 21. Rxc6 Bb7 22. Rc4 Rxc4 23. bxc4 Nf4 24. f3 g5 25. Nxh6+ Kh7 26. Bxg5 Ne2+ 27. Kf2 Nc3 28. Rd7 Bc8 29. Rxa7 Kg6 30. Bd2 Nb1 31. Bb4 Rh8 32. Nxf7 1-0

[Event "Hamburg-chT Landesliga 1617"]
[Site "Hamburg"]
[Date "2017.05.13"]
[Round "8.2"]
[White "Mandelbaum, Peter Rene"]
[Black "Juergens, Bernhard"]
[Result "1/2-1/2"]
[WhiteElo "2093"]
[BlackElo "2120"]
[PlyCount "38"]
[EventDate "2016.10.16"]
[EventType "team-tourn"]
[EventRounds "9"]
[EventCountry "GER"]
[SourceTitle "EXT 2022"]
[Source "ChessBase"]
[SourceDate "2021.10.06"]
[SourceVersion "1"]
[SourceVersionDate "2021.10.06"]
[SourceQuality "1"]
[WhiteTeam "Hamburg Weisse Dame"]
[BlackTeam "Hamburger SK IV"]
[WhiteTeamCountry "GER"]
[BlackTeamCountry "GER"]

1. c4 e5 2. Nc3 d6 3. g3 g6 4. Bg2 Bg7 5. e3 f5 6. Nge2 Nf6 7. 0-0 0-0 8. d4 c6 9. b4 Be6 10. d5 Bf7 11. Rb1 e4 12. Ba3 Qe7 13. dxc6 bxc6 14. c5 dxc5 15. bxc5 Nd5 16. Na4 Qc7 17. Nd4 Nd7 18. Qc2 Rab8 19. Rxb8 Rxb8 1/2-1/2

[Event "Lueneburg op-A"]
[Site "Lueneburg"]
[Date "2016.07.04"]
[Round "5"]
[White "Juergens, Bernhard"]
[Black "Anderberg, Peter"]
[Result "1-0"]
[WhiteElo "2136"]
[BlackElo "1992"]
[PlyCount "65"]
[EventDate "2016.07.01"]
[EventType "swiss"]
[EventRounds "9"]
[EventCountry "GER"]
[SourceTitle "CBM 173 Extra"]
[Source "ChessBase"]
[SourceDate "2016.08.29"]
[SourceVersion "1"]
[SourceVersionDate "2016.08.29"]
[SourceQuality "1"]

1. e4 d5 2. exd5 Qxd5 3. Na3 e5 4. Nb5 Qd8 5. Bc4 Nc6 6. Nf3 a6 7. Nc3 Bg4 8. h3 Bxf3 9. Qxf3 Qf6 10. Bd5 Nd4 11. Qd1 c6 12. Be4 Bd6 13. d3 Qe6 14. g3 f5 15. Bg2 Nf6 16. Ne2 Nxe2 17. Qxe2 0-0 18. 0-0 Rae8 19. Re1 Bb4 20. Rd1 e4 21. a3 Ba5 22. b4 Bb6 23. d4 Nd5 24. Qe1 e3 25. Bb2 exf2+ 26. Qxf2 f4 27. Re1 fxg3 28. Qxg3 Qf6 29. Rf1 Bxd4+ 30. Kh1 Qe5 31. Rxf8+ Kxf8 32. Qf3+ Qf6 33. Bxd4 1-0

[Event "Lueneburg op-A"]
[Site "Lueneburg"]
[Date "2016.07.02"]
[Round "3"]
[White "Juergens, Bernhard"]
[Black "Nixdorf, Andre"]
[Result "1-0"]
[WhiteElo "2136"]
[BlackElo "1970"]
[PlyCount "103"]
[EventDate "2016.07.01"]
[EventType "swiss"]
[EventRounds "9"]
[EventCountry "GER"]
[SourceTitle "CBM 173 Extra"]
[Source "ChessBase"]
[SourceDate "2016.08.29"]
[SourceVersion "1"]
[SourceVersionDate "2016.08.29"]
[SourceQuality "1"]

1. e4 e5 2. Bc4 Nf6 3. d3 c6 4. Nf3 d5 5. Bb3 Bd6 6. Nc3 d4 7. Ne2 0-0 8. 0-0 Bg4 9. Ng3 Nbd7 10. h3 Be6 11. c3 dxc3 12. bxc3 Nc5 13. Bc2 Qc7 14. Re1 Ncd7 15. Qe2 Rfe8 16. d4 b5 17. Bd3 a5 18. Bg5 Be7 19. Nh4 b4 20. c4 Nf8 21. Nhf5 Bxf5 22. Nxf5 Bd8 23. d5 N6d7 24. Qg4 Ng6 25. h4 Bxg5 26. Qxg5 f6 27. Qg4 Nc5 28. Bf1 Kh8 29. Rad1 Nf8 30. dxc6 Rad8 31. Rd5 g6 32. Rxc5 gxf5 33. Qxf5 Rd6 34. Re3 Rxc6 35. Rd5 a4 36. Rg3 Qf7 37. Rb5 Qe7 38. Qg4 Ne6 39. c5 b3 40. axb3 axb3 41. Bc4 Qf8 42. Bxb3 Nd4 43. Bd5 Rc7 44. Rb6 Rg7 45. Qxg7+ Qxg7 46. Rxg7 Kxg7 47. Rb7+ Kh6 48. c6 Rc8 49. c7 Kg6 50. g3 Kg7 51. Kg2 Kf8 52. Rb8 1-0

[Event "Hamburg-ch"]
[Site "Hamburg"]
[Date "2016.05.15"]
[Round "2"]
[White "Juergens, Bernhard"]
[Black "Emami, Madjid"]
[Result "1/2-1/2"]
[WhiteElo "2160"]
[BlackElo "1976"]
[PlyCount "27"]
[EventDate "2016.05.14"]
[EventType "swiss"]
[EventRounds "9"]
[EventCountry "GER"]
[SourceTitle "EXT 2018"]
[Source "ChessBase"]
[SourceDate "2017.10.13"]
[SourceVersion "1"]
[SourceVersionDate "2017.10.13"]
[SourceQuality "1"]

1. e4 g6 2. Nc3 c6 3. d4 d6 4. Be3 Nf6 5. Qd2 b5 6. f3 Nbd7 7. Nge2 Qc7 8. Nc1 a6 9. Nd3 e5 10. Be2 exd4 11. Bxd4 Bg7 12. Be3 0-0 13. Bh6 Ne5 14. Nxe5 1/2-1/2

[Event "Lueneburg op-A"]
[Site "Lueneburg"]
[Date "2015.08.19"]
[Round "5"]
[White "Bente, Bjoern"]
[Black "Juergens, Bernhard"]
[Result "1-0"]
[WhiteElo "2312"]
[BlackElo "2111"]
[PlyCount "61"]
[EventDate "2015.08.15"]
[EventType "swiss"]
[EventRounds "9"]
[EventCountry "GER"]
[SourceTitle "EXT 2016"]
[Source "ChessBase"]
[SourceDate "2015.10.08"]
[SourceVersion "1"]
[SourceVersionDate "2015.10.08"]
[SourceQuality "1"]

1. d4 f5 2. g3 Nf6 3. Bg2 g6 4. Nf3 Bg7 5. 0-0 0-0 6. b3 Ne4 7. Bb2 d5 8. Nbd2 Be6 9. c4 c6 10. e3 Nd7 11. Nxe4 fxe4 12. Ng5 Bf5 13. g4 Bh6 14. gxf5 Bxg5 15. fxg6 h6 16. Qg4 Nf6 17. Qe6+ Kg7 18. Ba3 Ng8 19. f4 exf3 20. Rxf3 Rxf3 21. Bxf3 Qf8 22. Rf1 Qf6 23. cxd5 Qxe6 24. dxe6 Bxe3+ 25. Kg2 Kxg6 26. Be4+ Kg5 27. Rf5+ Kg4 28. h3+ Kh4 29. Bb4 Nf6 30. Be1+ Bf2 31. Bxf2# 1-0

[Event "Hamburg St Pauli op-A"]
[Site "Hamburg"]
[Date "2015.07.22"]
[Round "6"]
[White "Hess, Christian"]
[Black "Juergens, Bernhard"]
[Result "1-0"]
[WhiteElo "2203"]
[BlackElo "2128"]
[PlyCount "99"]
[EventDate "2015.07.18"]
[EventType "swiss"]
[EventRounds "9"]
[EventCountry "GER"]
[SourceTitle "EXT 2016"]
[Source "ChessBase"]
[SourceDate "2015.10.08"]
[SourceVersion "1"]
[SourceVersionDate "2015.10.08"]
[SourceQuality "1"]

1. Nf3 f5 2. d3 Nc6 3. g3 Nf6 4. Bg2 e5 5. 0-0 d6 6. c4 g6 7. Nc3 Bg7 8. Rb1 h6 9. b4 0-0 10. b5 Ne7 11. c5 Be6 12. Ba3 Rc8 13. Qa4 b6 14. cxd6 cxd6 15. Rbc1 Nd7 16. Bxd6 e4 17. Nd4 Bf7 18. Bxe7 Qxe7 19. Nc6 Qe6 20. dxe4 a6 21. exf5 gxf5 22. Bd5 Qf6 23. Bxf7+ Qxf7 24. Rfd1 Nc5 25. Qh4 Bf6 26. Qxh6 axb5 27. Nd4 Bg7 28. Qxb6 Bxd4 29. Rxd4 Na4 30. Qa5 Qc7 31. Qxb5 Nxc3 32. Qb3+ Kh8 33. Rc2 Qe5 34. Rh4+ Kg7 35. Qb7+ Rc7 36. Qa6 Rf6 37. Qa8 Rf8 38. Qa6 Rf6 39. Qa8 Rf8 40. Qf3 Ne4 41. Qh5 Qa1+ 42. Kg2 Rxc2 43. Qh7+ Kf6 44. Rh6+ Ke5 45. Qe7+ Kd4 46. Qg7+ Rf6 47. Rxf6 Qe1 48. Rc6+ Kd5 49. Qd7+ Ke5 50. f4# 1-0

[Event "Hamburg St Pauli op-A"]
[Site "Hamburg"]
[Date "2015.07.19"]
[Round "2"]
[White "Kaplun, David"]
[Black "Juergens, Bernhard"]
[Result "0-1"]
[WhiteElo "1955"]
[BlackElo "2128"]
[PlyCount "70"]
[EventDate "2015.07.18"]
[EventType "swiss"]
[EventRounds "9"]
[EventCountry "GER"]
[SourceTitle "EXT 2016"]
[Source "ChessBase"]
[SourceDate "2015.10.08"]
[SourceVersion "1"]
[SourceVersionDate "2015.10.08"]
[SourceQuality "1"]

1. d4 f5 2. h3 Nf6 3. g4 d5 4. gxf5 Bxf5 5. Bf4 Nc6 6. Nf3 e6 7. e3 Bd6 8. Ne5 Nd7 9. Rg1 Ndxe5 10. dxe5 Nxe5 11. Nc3 a6 12. Be2 Qf6 13. Bg5 Qf7 14. e4 dxe4 15. Qd2 h6 16. Be3 Nf3+ 17. Bxf3 exf3 18. 0-0-0 Rf8 19. h4 e5 20. Rg3 0-0-0 21. Qe1 e4 22. Rg1 Bh2 23. Rxd8+ Rxd8 24. Rh1 Be5 25. b3 Qe7 26. Bd2 Qa3+ 27. Kb1 Qc5 28. Na4 Qc6 29. Qe3 b5 30. Nb2 Bd4 31. Qf4 g6 32. Be3 Bg7 33. Bc1 e3 34. Qxe3 Qxc2+ 35. Ka1 Qb1# 0-1

[Event "Hamburg Daehne Cup"]
[Site "Hamburg"]
[Date "2014.09.13"]
[Round "1"]
[White "Serrer, Christoph"]
[Black "Juergens, Bernhard"]
[Result "1/2-1/2"]
[WhiteElo "2244"]
[BlackElo "2057"]
[PlyCount "31"]
[EventDate "2014.09.13"]
[EventType "k.o."]
[EventRounds "5"]
[EventCountry "GER"]
[SourceTitle "EXT 2022"]
[Source "ChessBase"]
[SourceDate "2021.10.06"]
[SourceVersion "1"]
[SourceVersionDate "2021.10.06"]
[SourceQuality "1"]

1. Nf3 f5 2. g3 Nf6 3. Bg2 g6 4. 0-0 Bg7 5. d4 0-0 6. b3 Ne4 7. Bb2 d5 8. Qc1 Be6 9. Nbd2 Nd7 10. c4 c6 11. e3 Kh8 12. Qc2 Qa5 13. a3 Rac8 14. Rac1 Ndf6 15. h3 Nxd2 16. Qxd2 1/2-1/2

[Event "Hamburg-chT Landesliga 1314"]
[Site "Hamburg"]
[Date "2014.04.12"]
[Round "8.2"]
[White "Juergens, Bernhard"]
[Black "Wronn, Bernd"]
[Result "0-1"]
[WhiteElo "2140"]
[BlackElo "2144"]
[PlyCount "90"]
[EventDate "2013.10.13"]
[EventType "team-tourn"]
[EventRounds "9"]
[EventCountry "GER"]
[SourceTitle "EXT 2022"]
[Source "ChessBase"]
[SourceDate "2021.10.06"]
[SourceVersion "1"]
[SourceVersionDate "2021.10.06"]
[SourceQuality "1"]
[WhiteTeam "Hamburger SK IV"]
[BlackTeam "St Pauli II"]
[WhiteTeamCountry "GER"]
[BlackTeamCountry "GER"]

1. e4 c6 2. Nc3 d5 3. Nf3 Bg4 4. h3 Bxf3 5. Qxf3 e6 6. g3 Nf6 7. Bg2 Bb4 8. e5 Nfd7 9. Qg4 Bf8 10. f4 Qb6 11. b3 Na6 12. Bb2 0-0-0 13. 0-0-0 g6 14. Qe2 Qa5 15. Kb1 Ba3 16. d4 Bb4 17. Qd3 Kb8 18. Ne2 Rc8 19. c3 c5 20. Qd2 Ba3 21. Bxa3 Qxa3 22. Qb2 Qa5 23. a3 Nb6 24. Rc1 Nc7 25. Rhd1 c4 26. b4 Qa6 27. Kc2 Na4 28. Qa2 Nb5 29. Ra1 Qb6 30. Rac1 h5 31. Kd2 Rc6 32. Qc2 Naxc3 33. Nxc3 Nxd4 34. Qb2 Nb3+ 35. Ke1 Nxc1 36. Qxc1 Qg1+ 37. Bf1 Qxg3+ 38. Ke2 Qh2+ 39. Kf3 g5 40. Qd2 g4+ 41. Ke3 Qg3+ 42. Kd4 gxh3 43. Ne2 Qxa3 44. Nc3 Qxb4 45. Ke3 h2 0-1

[Event "Norderstedt op"]
[Site "Norderstedt"]
[Date "2013.04.01"]
[Round "9"]
[White "Breyther, Ruediger"]
[Black "Juergens, Bernhard"]
[Result "1-0"]
[WhiteElo "2341"]
[BlackElo "2093"]
[PlyCount "52"]
[EventDate "2013.03.28"]
[EventType "swiss"]
[EventRounds "9"]
[EventCountry "GER"]
[SourceTitle "EXT 2015"]
[Source "ChessBase"]
[SourceDate "2014.11.20"]
[SourceVersion "1"]
[SourceVersionDate "2014.11.20"]
[SourceQuality "1"]

1. e4 e6 2. d4 d5 3. Nd2 Nf6 4. e5 Nfd7 5. c3 c5 6. Bd3 Nc6 7. Ne2 cxd4 8. cxd4 f6 9. exf6 Nxf6 10. Nf3 Bd6 11. 0-0 Qc7 12. Bg5 0-0 13. Bh4 Nh5 14. Rc1 a6 15. Re1 Rxf3 16. gxf3 Bxh2+ 17. Kg2 Nf4+ 18. Nxf4 Bxf4 19. Bg3 Qf7 20. Rxc6 bxc6 21. Qc2 h6 22. Qxc6 Rb8 23. Bxf4 Bd7 24. Qd6 Rf8 25. Re3 Bb5 26. Bxb5 axb5 1-0

[Event "Norderstedt op"]
[Site "Norderstedt"]
[Date "2013.03.31"]
[Round "6"]
[White "Groetzbach, Daniel"]
[Black "Juergens, Bernhard"]
[Result "0-1"]
[WhiteElo "1929"]
[BlackElo "2093"]
[PlyCount "88"]
[EventDate "2013.03.28"]
[EventType "swiss"]
[EventRounds "9"]
[EventCountry "GER"]
[SourceTitle "EXT 2015"]
[Source "ChessBase"]
[SourceDate "2014.11.20"]
[SourceVersion "1"]
[SourceVersionDate "2014.11.20"]
[SourceQuality "1"]

1. e4 e6 2. d4 d5 3. Nc3 Bb4 4. e5 c5 5. a3 Bxc3+ 6. bxc3 Ne7 7. Qg4 0-0 8. Bd3 f5 9. exf6 Rxf6 10. Bg5 Rf7 11. Qh5 g6 12. Qd1 Qa5 13. Qd2 Nec6 14. Nf3 Nd7 15. Bf4 c4 16. Ng5 Rf6 17. Be5 cxd3 18. Bxf6 Nxf6 19. cxd3 e5 20. dxe5 Nxe5 21. 0-0 Bf5 22. Qe3 Qc7 23. Qd4 h6 24. f4 Ned7 25. Nf3 Qc5 26. Rfd1 Rc8 27. Qxc5 Nxc5 28. Ne5 Nb3 29. Ra2 Rxc3 30. h3 h5 31. Kf2 Kg7 32. Kf3 h4 33. Rb2 b6 34. Ke2 Nh5 35. Kf3 Nc5 36. Ke3 Rxa3 37. Rbd2 Ne6 38. Nf3 Nhxf4 39. Nxh4 d4+ 40. Kf3 Bxd3 41. Re1 Be2+ 42. Kf2 d3 43. Rc1 Nc5 44. Ke3 Ra4 0-1

[Event "Norderstedt op"]
[Site "Norderstedt"]
[Date "2013.03.28"]
[Round "1"]
[White "Juergens, Bernhard"]
[Black "Hein, Jacob"]
[Result "1-0"]
[WhiteElo "2093"]
[BlackElo "1488"]
[PlyCount "56"]
[EventDate "2013.03.28"]
[EventType "swiss"]
[EventRounds "9"]
[EventCountry "GER"]
[SourceTitle "EXT 2015"]
[Source "ChessBase"]
[SourceDate "2014.11.20"]
[SourceVersion "1"]
[SourceVersionDate "2014.11.20"]
[SourceQuality "1"]

1. Nf3 Nf6 2. g3 b6 3. Bg2 Bb7 4. 0-0 d5 5. b3 g6 6. Bb2 Bg7 7. c4 0-0 8. Qc2 dxc4 9. bxc4 Nbd7 10. d4 e6 11. Rd1 Be4 12. Qb3 a5 13. Nc3 a4 14. Nxa4 Bc6 15. Nc3 Qe8 16. a4 Qc8 17. Re1 Qb7 18. Qc2 Rfc8 19. e4 Ra5 20. d5 exd5 21. cxd5 Rc5 22. dxc6 Qxc6 23. Nd4 Qa8 24. e5 Qa5 25. Nb3 Rxc3 26. Bxc3 Qa7 27. Bh3 Rd8 28. Rad1 Qxa4 1-0

[Event "Oberliga Nord N 1213"]
[Site "Germany"]
[Date "2013.02.24"]
[Round "7.7"]
[White "Juergens, Bernhard"]
[Black "Jahncke, Giso"]
[Result "1/2-1/2"]
[WhiteElo "2067"]
[BlackElo "2196"]
[PlyCount "76"]
[EventDate "2012.10.14"]
[EventType "team-tourn"]
[EventRounds "9"]
[EventCountry "GER"]
[SourceTitle "EXT 2015"]
[Source "ChessBase"]
[SourceDate "2014.11.20"]
[SourceVersion "1"]
[SourceVersionDate "2014.11.20"]
[SourceQuality "1"]
[WhiteTeam "Hamburger SK III"]
[BlackTeam "Preetz"]
[WhiteTeamCountry "GER"]
[BlackTeamCountry "GER"]

1. f4 Nh6 2. Nf3 d5 3. d3 g6 4. g3 Bg7 5. Bg2 Nf5 6. c3 c5 7. e4 dxe4 8. dxe4 Qxd1+ 9. Kxd1 Nd6 10. Nbd2 b6 11. e5 Nf5 12. Nc4 Bb7 13. g4 Nh6 14. h3 Na6 15. Be3 Nc7 16. Nh4 0-0-0+ 17. Kc2 Bxg2 18. Nxg2 f6 19. exf6 exf6 20. Rad1 Nd5 21. Bc1 f5 22. Nce3 Ne7 23. Nh4 Rhf8 24. Rxd8+ Rxd8 25. gxf5 Nexf5 26. Nexf5 Nxf5 27. Nxf5 gxf5 28. Be3 Bh6 29. b3 Kc7 30. c4 Kc6 31. Rh2 a6 32. Rg2 b5 33. Rd2 Re8 34. Kd3 bxc4+ 35. bxc4 Re4 36. Rf2 Bg7 37. Rg2 Bd4 38. Bd2 Bf6 1/2-1/2

[Event "Hamburg-ch MA"]
[Site "Hamburg"]
[Date "2011.10.05"]
[Round "5.6"]
[White "Juergens, Bernhard"]
[Black "Schroeder, Christoph"]
[Result "1/2-1/2"]
[WhiteElo "2107"]
[BlackElo "2220"]
[PlyCount "39"]
[EventDate "2011.10.09"]
[EventType "swiss"]
[EventRounds "9"]
[EventCountry "GER"]
[SourceTitle "EXT 2012"]
[Source "ChessBase"]
[SourceDate "2011.11.24"]
[SourceVersion "1"]
[SourceVersionDate "2011.11.24"]
[SourceQuality "1"]

1. f4 Nf6 2. Nf3 d6 3. g3 e5 4. d3 exf4 5. Bxf4 d5 6. Bg2 Bc5 7. d4 Bd6 8. Bxd6 Qxd6 9. 0-0 Nc6 10. Nc3 Bg4 11. Nb5 Qd7 12. Ne5 Nxe5 13. dxe5 Qxb5 14. exf6 gxf6 15. Qxd5 Qxd5 16. Bxd5 c6 17. Bc4 Ke7 18. Rf4 h5 19. Raf1 Rh6 20. Bd3 1/2-1/2

[Event "Hamburg-ch MA"]
[Site "Hamburg"]
[Date "2011.10.04"]
[Round "4.7"]
[White "Wenzel, Birger"]
[Black "Juergens, Bernhard"]
[Result "1/2-1/2"]
[WhiteElo "2072"]
[BlackElo "2107"]
[PlyCount "81"]
[EventDate "2011.10.09"]
[EventType "swiss"]
[EventRounds "9"]
[EventCountry "GER"]
[SourceTitle "EXT 2012"]
[Source "ChessBase"]
[SourceDate "2011.11.24"]
[SourceVersion "1"]
[SourceVersionDate "2011.11.24"]
[SourceQuality "1"]

1. d4 f5 2. g3 Nf6 3. Bg2 g6 4. Nf3 Bg7 5. 0-0 0-0 6. c4 d6 7. Nc3 Qe8 8. d5 Na6 9. Rb1 c5 10. dxc6 bxc6 11. b4 Bd7 12. a3 Nc7 13. Bb2 Rc8 14. e3 h6 15. Na4 c5 16. Nc3 Ne6 17. Qe2 Bc6 18. Rfd1 g5 19. Nd2 Bxg2 20. Kxg2 Qc6+ 21. Kg1 cxb4 22. axb4 Rb8 23. Ba1 Rfe8 24. Nb5 Rb7 25. Rdc1 Reb8 26. Nb3 Qd7 27. Na5 Rb6 28. Qe1 g4 29. Bc3 Ng5 30. Kg2 e5 31. Qd1 a6 32. Na3 Qa7 33. c5 Qa8+ 34. c6 Rxc6 35. Nxc6 Qxc6+ 36. Kf1 Qh1+ 37. Ke2 Qf3+ 38. Ke1 Qh1+ 39. Ke2 Qf3+ 40. Ke1 Qh1+ 41. Ke2 1/2-1/2

[Event "Hamburg-ch MA"]
[Site "Hamburg"]
[Date "2011.10.03"]
[Round "3.8"]
[White "Juergens, Bernhard"]
[Black "Moser, Till"]
[Result "1/2-1/2"]
[WhiteElo "2107"]
[BlackElo "2038"]
[PlyCount "63"]
[EventDate "2011.10.09"]
[EventType "swiss"]
[EventRounds "9"]
[EventCountry "GER"]
[SourceTitle "EXT 2012"]
[Source "ChessBase"]
[SourceDate "2011.11.24"]
[SourceVersion "1"]
[SourceVersionDate "2011.11.24"]
[SourceQuality "1"]

1. e4 c6 2. Nc3 d5 3. Nf3 Bg4 4. h3 Bh5 5. d3 dxe4 6. Nxe4 Nd7 7. Ng3 Bg6 8. Nh4 Ngf6 9. Be2 e6 10. Nxg6 hxg6 11. Bf3 Ne5 12. Bd2 Qc7 13. Ne4 0-0-0 14. Qe2 Nxf3+ 15. Qxf3 Nxe4 16. dxe4 Bd6 17. 0-0-0 Be5 18. Qa3 Bf4 19. Be3 Bxe3+ 20. Qxe3 b6 21. c3 Rxd1+ 22. Rxd1 Rd8 23. Rxd8+ Kxd8 24. Qd4+ Ke8 25. e5 c5 26. Qe4 Kd7 27. c4 Qc6 28. Qxc6+ Kxc6 29. h4 b5 30. b3 bxc4 31. bxc4 Kb6 32. Kc2 1/2-1/2

[Event "Hamburg St Pauli op-A"]
[Site "Hamburg"]
[Date "2011.07.12"]
[Round "5"]
[White "Svane, Rasmus"]
[Black "Juergens, Bernhard"]
[Result "1-0"]
[WhiteElo "2346"]
[BlackElo "2075"]
[PlyCount "50"]
[EventDate "2011.07.09"]
[EventType "swiss"]
[EventRounds "9"]
[EventCountry "GER"]
[SourceTitle "CBM 143 Extra"]
[Source "ChessBase"]
[SourceDate "2011.08.29"]
[SourceVersion "1"]
[SourceVersionDate "2011.08.29"]
[SourceQuality "1"]

1. d4 f5 2. Nf3 Nf6 3. g3 g6 4. Bg2 Bg7 5. 0-0 0-0 6. b3 Ne4 7. Bb2 c6 8. c4 d6 9. Nbd2 Nxd2 10. Qxd2 Nd7 11. d5 c5 12. Bxg7 Kxg7 13. e4 fxe4 14. Ng5 Nf6 15. Rae1 Rb8 16. Nxe4 b5 17. cxb5 Rxb5 18. Ng5 h6 19. Ne6+ Bxe6 20. Rxe6 Rf7 21. Rfe1 Rb4 22. Qe2 Rb7 23. Be4 Rb4 24. Bb1 Kf8 25. Bxg6 Rg7 1-0

[Event "Bargteheide op"]
[Site "Bargteheide"]
[Date "2011.06.02"]
[Round "2"]
[White "Juergens, Bernhard"]
[Black "Schatz, Walter"]
[Result "0-1"]
[WhiteElo "2117"]
[BlackElo "2261"]
[PlyCount "72"]
[EventDate "2011.06.02"]
[EventType "swiss"]
[EventRounds "7"]
[EventCountry "GER"]
[SourceTitle "CBM 142 Extra"]
[Source "ChessBase"]
[SourceDate "2011.06.27"]
[SourceVersion "1"]
[SourceVersionDate "2011.06.27"]
[SourceQuality "1"]

1. e4 d6 2. Nc3 g6 3. g3 Bg7 4. Bg2 c5 5. d3 Nc6 6. Be3 Nd4 7. Qd2 Qa5 8. f4 Nf6 9. Nf3 Ng4 10. Bg1 e5 11. h3 Nf6 12. fxe5 dxe5 13. Nxe5 Qc7 14. Nc4 Qxg3+ 15. Kf1 0-0 16. Ne2 Nxe2 17. Qxe2 Nh5 18. Bxc5 Qg5 19. Bf2 Be6 20. Qe3 Qb5 21. a4 Qa6 22. Bf3 Bxc4 23. Bxh5 Be6 24. Be2 Bxb2 25. d4 Bc4 26. Rb1 Bxd4 27. Bxc4 Qxc4+ 28. Qd3 Qa2 29. Rxb7 Bxf2 30. Kxf2 Rac8 31. Rc1 Qxa4 32. c4 Rfd8 33. Qb3 Qc6 34. Rxa7 Qxe4 35. Qe3 Qf5+ 36. Kg1 Rd3 0-1

[Event "Hamburg-chT Landesliga 1011"]
[Site "Hamburg"]
[Date "2011.04.17"]
[Round "9.5"]
[White "Conrad, Christian"]
[Black "Juergens, Bernhard"]
[Result "1/2-1/2"]
[WhiteElo "2165"]
[BlackElo "2130"]
[PlyCount "88"]
[EventDate "2010.10.10"]
[EventType "team-tourn"]
[EventRounds "9"]
[EventCountry "GER"]
[SourceTitle "EXT 2022"]
[Source "ChessBase"]
[SourceDate "2021.10.06"]
[SourceVersion "1"]
[SourceVersionDate "2021.10.06"]
[SourceQuality "1"]
[WhiteTeam "Hamburg Koenigsspringer II"]
[BlackTeam "Hamburger SK IV"]
[WhiteTeamCountry "GER"]
[BlackTeamCountry "GER"]

1. d4 f5 2. Nc3 Nf6 3. Bg5 d5 4. Bxf6 exf6 5. e3 Be6 6. Bd3 Nc6 7. Qf3 Qd7 8. a3 Ne7 9. Nge2 c6 10. Ng3 g6 11. Qe2 h5 12. f3 0-0-0 13. Na4 b6 14. b4 Kb8 15. Rb1 Nc8 16. Ba6 Nd6 17. Nc5 Qe8 18. Kf2 Bc8 19. Bxc8 Rxc8 20. Na6+ Kb7 21. Nc5+ Ka8 22. Na4 Nc4 23. Rhe1 Bh6 24. Qd3 Qf7 25. Nf1 Rhe8 26. Nb2 Nd6 27. a4 Kb7 28. Qb3 Rc7 29. Rbd1 f4 30. exf4 Bxf4 31. Nd3 Bh6 32. Rxe8 Qxe8 33. Re1 Re7 34. Rxe7+ Qxe7 35. b5 a5 36. bxc6+ Kxc6 37. Nb2 Qe6 38. Qd3 Qe8 39. c4 dxc4 40. Nxc4 Qe6 41. Nxd6 Qxd6 42. Qb5+ Kc7 43. Qc4+ Kd7 44. Ne3 Bxe3+ 1/2-1/2